| 000 | 00607cam a2200169 a 4500 | ||
|---|---|---|---|
| 005 | 20250901165316.0 | ||
| 008 | 930818s1993 mdua b 001 0 eng | ||
| 010 | _a 93023482 | ||
| 020 | _a0801846625 | ||
| 050 | 0 | 0 |
_aHG6051.D44 M36 1993 _bM36 1993 |
| 082 | 0 | 0 |
_a332.63/28 _220 |
| 245 | 0 | 0 |
_aManaging commodity price risk in developing countries / _cStijn Claessens and Ronald C. Duncan, editors. |
| 260 |
_aBaltimore : _bPublished for the World Bank [by] the Johns Hopkins University Press, _cc1993. |
||
| 300 |
_axiv, 466 p. : _bill. ; _c25 cm. |
||
| 500 | _a"A World Bank book"--Half t.p. | ||
| 942 | _2ddc | ||
| 999 |
_c1916 _d1916 |
||